000 00549nam a2200217Ia 4500
008 101110s9999 xx 000 0 und d
041 _aENGLISH
082 _bSR25575
100 _aKumar Ram and Agrawal Rakesh
245 _aProgramming in ANSI C (TYBSc)
260 _c2002
_bTata McGraw Hill, New Delhi
300 _a0
365 _b185
520 _aComputer
546 _aENGLISH
630 _aProgramming in ANSI C (TYBSc)
650 _aComputer
655 _aComputer
730 _aProgramming in ANSI C (TYBSc)
942 _cBOOK
999 _c818185
_d818182